| 000 | 00431nam a2200157 a 4500 | ||
|---|---|---|---|
| 005 | 20140412111301.0 | ||
| 008 | 030414s19uu xx 00 eng d | ||
| 050 |
_aTR(GS 371.3 _bD744 1988 |
||
| 100 | _aDow, Vickie | ||
| 245 |
_aSpring ahead / : _bactivities and games for March, April, May / _cby Vickie Dow. |
||
| 260 | _c1988. | ||
| 300 | _a48 p. ; ill. | ||
| 650 | _aReproducibles | ||
| 650 | _aActivities | ||
| 999 |
_c103394 _d103394 |
||